MARC details
| 000 -CABECERA |
| campo de control de longitud fija |
02203nam a2200373 a 4500 |
| 001 - NÚMERO DE CONTROL |
| campo de control |
000044837 |
| 003 - IDENTIFICADOR DEL NÚMERO DE CONTROL |
| campo de control |
DO-SdBNP |
| 005 - FECHA Y HORA DE LA ÚLTIMA TRANSACCIÓN |
| campo de control |
20250219170734.0 |
| 007 - CAMPO FIJO DE DESCRIPCIÓN FÍSICA--INFORMACIÓN GENERAL |
| campo de control de longitud fija |
ta |
| 008 - DATOS DE LONGITUD FIJA--INFORMACIÓN GENERAL |
| campo de control de longitud fija |
090629s2012 dr ad fr i001 e spa d |
| 040 ## - FUENTE DE LA CATALOGACIÓN |
| Centro catalogador/agencia de origen |
DO-SdBNP |
| Lengua de catalogación |
spa |
| Centro/agencia transcriptor |
BNPHU |
| Normas de descripción |
rda |
| 082 #4 - NÚMERO DE LA CLASIFICACIÓN DECIMAL DEWEY |
| Número de documento/Ítem |
S471d |
| Número de edición |
22 |
| 111 2# - ENTRADA PRINCIPAL--NOMBRE DE CONGRESO/REUNIÓN |
| Nombre de congreso/reunión o jurisdicción como elemento de entrada |
Seminario sobre desarrollo territorial, transparencia e institucionalidad |
| Fecha del congreso/reunión |
(5-6 de julio de 2011 : |
| Sede del congreso/Lugar de la reunión |
Santo Domingo, República Dominicana) |
| 9 (RLIN) |
72851 |
| 245 10 - MENCIÓN DE TÍTULO |
| Título |
Desarrollo territorial, transparencia e institucionalidad / |
| Mención de responsabilidad, etc. |
Prólogo, Michel Bouvier, Marie-Christine Esclassan; traductor, Esther A. Veras Mena. |
| 264 ## - PRODUCCIÓN, PUBLICACIÓN, DISTRIBUCIÓN, FABRICACIÓN Y COPYRIGHT |
| Producción, publicación, distribución, fabricación y copyright |
Santo Domingo : |
| Nombre del de productor, editor, distribuidor, fabricante |
Ministerio de Economía, Planificación y Desarrollo, |
| Fecha de producción, publicación, distribución, fabricación o copyright |
2012 |
| 300 ## - DESCRIPCIÓN FÍSICA |
| Extensión |
154 páginas ; |
| Dimensiones |
23 cm. |
| Material acompañante/anejo |
+CD - Room |
| 336 ## - TIPO DE CONTENIDO |
| Fuente |
rdacontent |
| Término de tipo de contenido |
texto |
| Código de tipo de contenido |
txt |
| 337 ## - TIPO DE MEDIO |
| Fuente |
rdamedia |
| Nombre/término del tipo de medio |
sin mediación |
| Código del tipo de medio |
n |
| 338 ## - TIPO DE SOPORTE |
| Fuente |
rdacarrier |
| Nombre/término del tipo de soporte |
volumen |
| Código del tipo de soporte |
nc |
| 500 ## - NOTA GENERAL |
| Nota general |
Incluye bibliografía y notas al pié de páginas. |
| 500 ## - NOTA GENERAL |
| Nota general |
Incluye CD-rom en uno de los ejemplares. |
| 505 ## - NOTA DE CONTENIDO CON FORMATO |
| Nota de contenido con formato |
Introducción y Agradecimiento.-- Prólogo.-- Programa del Seminario.-- Transcripción de las Exposiciones. |
| Título |
Acto de Inauguración.-- |
| -- |
Primera Mesa Redonda: "¿Cómo hacer posible el desarrollo territorial?".-- |
| -- |
Segunda Mesa Redonda: "Los servicios públicos locales y su impacto en el desarrollo: experiencias internacionales.-- |
| -- |
Tercera Mesa Redonda: "Transparencia financiera y acción participativa como garantía para el desarrollo territorial.-- |
| -- |
Cuarta Mesa Redonda: "El desarrollo en el República Dominicana: situación y desarrollo |
| -- |
Acto de Clausura.-- |
| -- |
Índice. |
| 590 ## - NOTA LOCAL (RLIN) |
| Nota local |
Inventariado 2024 / MF |
| 650 #4 - PUNTO DE ACCESO ADICIONAL DE MATERIA--TÉRMINO DE MATERIA |
| 9 (RLIN) |
1431 |
| Término de materia o nombre geográfico como elemento de entrada |
Desarrollo Territorial |
| Subdivisión de forma |
Congresos, Conferencias, etc. |
| 651 #4 - PUNTO DE ACCESO ADICIONAL DE MATERIA--NOMBRE GEOGRÁFICO |
| 9 (RLIN) |
81922 |
| Nombre geográfico |
República Dominicana |
| Subdivisión de forma |
Desarrollo Territorial |
| 651 #4 - PUNTO DE ACCESO ADICIONAL DE MATERIA--NOMBRE GEOGRÁFICO |
| 9 (RLIN) |
81689 |
| Nombre geográfico |
República Dominicana |
| Subdivisión de forma |
Planes de desarrollo |
| Subdivisión cronológica |
2010 - 2030 |
| 700 1# - PUNTO DE ACCESO ADICIONAL--NOMBRE DE PERSONA |
| Nombre de persona |
Bouvier, Michel, |
| Término indicativo de función/relación |
prólogo |
| 9 (RLIN) |
83100 |
| 700 1# - PUNTO DE ACCESO ADICIONAL--NOMBRE DE PERSONA |
| Nombre de persona |
Esclassan, Marie-Christine |
| Término indicativo de función/relación |
pról. |
| 9 (RLIN) |
83101 |
| 700 1# - PUNTO DE ACCESO ADICIONAL--NOMBRE DE PERSONA |
| Nombre de persona |
Veras Mena, Esther A. |
| Término indicativo de función/relación |
trad. |
| 9 (RLIN) |
83102 |
| 710 1# - PUNTO DE ACCESO ADICIONAL--NOMBRE DE ENTIDAD CORPORATIVA |
| Nombre de entidad corporativa o nombre de jurisdicción como elemento de entrada |
República Dominicana. |
| Unidad subordinada |
Ministerio de Economía, Planificación y Desarrollo |
| 9 (RLIN) |
66142 |
| 710 1# - PUNTO DE ACCESO ADICIONAL--NOMBRE DE ENTIDAD CORPORATIVA |
| Nombre de entidad corporativa o nombre de jurisdicción como elemento de entrada |
Agencia Francesa para el Desarrolo |
| 9 (RLIN) |
83103 |
| 910 ## - DATOS DE OPCIÓN DEL USUARIO (OCLC) |
| Datos de opción del usuario |
MFeliz |
| 942 ## - ELEMENTOS DE PUNTO DE ACCESO ADICIONAL (KOHA) |
| Fuente del sistema de clasificación o colocación |
Dewey Decimal Classification |
| Tipo de ítem Koha |
Libro |